| 000 | 00858cab a2200277 4500 | ||
|---|---|---|---|
| 001 | ABS51996 | ||
| 008 | 090401t1994 xxu||||| |||| 00| 0 eng d | ||
| 035 | _a(Sirsi) u54138 | ||
| 041 | _aeng | ||
| 100 | _aManthorpe, J. | ||
| 245 | _aMaking changes: land registry forms | ||
| 260 | _c1994 | ||
| 350 | _a0 | ||
| 490 |
_aGuardian Gazette _v91(44) 30 November 1994, 31(1) |
||
| 520 | _aDiscusses input documents, on trial at three land registries, replacing the forms of discharge, transfer and charge, with the aim of improving the system of registered conveyancing. | ||
| 650 | _aCONVEYANCING | ||
| 650 | _aCOVENTRY | ||
| 650 | _aINPUT DOCUMENTS | ||
| 650 | _aLAND REGISTER | ||
| 650 | _aHM LAND REGISTRY | ||
| 650 | _aSTEVENAGE | ||
| 650 | _aTUNBRIDGE WELLS | ||
| 690 | _aPROPERTY LAW AND PRACTICE | ||
| 942 | _n0 | ||
| 948 | _c04/03/1997 | ||
| 999 |
_c33197 _d33197 |
||